[Event "Reunion op 10th"]
[Site "St Denis"]
[Date "2008.10.18"]
[Round "9"]
[White "Ah Soune, Steeve"]
[Black "Rakotomaharo, Fy Antenaina"]
[Result "0-1"]
[WhiteElo "1380"]
[BlackElo "1009"]
[PlyCount "74"]
[EventDate "2008.10.11"]
[EventType "swiss"]
[EventRounds "9"]
[EventCountry "RUF"]
[SourceTitle "EXT 2009"]
[Source "ChessBase"]
[SourceDate "2008.11.26"]
[SourceVersion "1"]
[SourceVersionDate "2008.11.26"]
[SourceQuality "1"]

1. e4 e5 2. Nf3 Nc6 3. d4 exd4 4. Nxd4 Nxd4 5. Qxd4 Nf6 6. Nc3 Be7 7. Bd3 0-0 8. 0-0 d6 9. Qe3 Be6 10. Qg3 g6 11. Bh6 Re8 12. e5 Nh5 13. Qe3 d5 14. Be2 Ng7 15. Qg3 Nf5 16. Qf4 Nxh6 17. Qxh6 Bg5 18. Qxg5 Qxg5 19. f4 Qe7 20. h3 Qc5+ 21. Kh1 Bf5 22. Bd3 Bxd3 23. cxd3 Rad8 24. Rac1 Qb6 25. Na4 Qa5 26. b3 b5 27. Rc5 Qd2 28. Nc3 Qxd3 29. Nxb5 Qxf1+ 30. Kh2 Qxf4+ 31. g3 Qxe5 32. Nxc7 Qe2+ 33. Kh1 Qe1+ 34. Kg2 Re2+ 35. Kf3 Rc8 36. Rc6 Re3+ 37. Kf4 Qxg3# 0-1